000 01211nam0a22003011 4500
001 rc\2281446
005 20110829191634.5
035 _a(NLR Aleph) 006560708
090 _a6840325
_c6840325
100 _a20110829d1977 |||y0rusy50 ca
101 0 _arus
102 _aRU
105 _aa z |||||
200 1 _aПодвигу сибиряков посвящается
_eМемор. ансамбль в Новосибирске
_fЛ. Усольцева
210 _aНовосибирск
_cЗап.-Сиб. кн. изд-во
_d1977
215 _a111 с., 8 л. ил.
_d14х13
320 _aСписок лит.: с. 110 (10 назв.)
606 _aМемориальные ансамбли
_yНовосибирск
_2psbo
606 _aВеликая Отечественная война 1941-1945 гг.
_xИсторические места и памятники
_yНовосибирск
_2psbo
686 _aТ3(2)722.782Сибирь
_2rubbk
700 1 _aУсольцева
_bЛ. С.
_gЛидия Сергеевна
801 0 _aRU
_bNLR
_gpsbo
801 1 _aRU
_bELAR
_2rusmarc
852 _aNLR
_j77-1/315
899 _aRuMoRGB
_jБ 77-22/708
899 _aRuMoRGB
_jВО 679/169
942 _cBOOK
980 _aNB